|
|
|
|
| LEADER |
01447cam a2200373 7i4500 |
| 001 |
0000024573 |
| 005 |
20140327090000.0 |
| 090 |
0 |
0 |
|a PHOT 338.7
|b MAL (CD)
|
| 110 |
2 |
0 |
|a Malaysia External Trade Development Corporation (MATRADE)
|
| 245 |
0 |
0 |
|a Kuala Lumpur International Trade Forum KLITF 2009 (12 November 2009, MATRADE Hall Menara MATRADE : Kuala Lumpur).
|
| 300 |
# |
# |
|a 777 photographs:
|b col.;
|c 1 CD-RW.
|
| 500 |
0 |
0 |
|a Photographs
|
| 650 |
0 |
0 |
|a Nazrin Shah Ibni Sultan Azlan Muhibbudin Shah, HRH Raja Dr
|
| 650 |
0 |
0 |
|a Azran Osman-Rani
|
| 650 |
0 |
0 |
|a Visit to Business Library & MEEC --
|x 12 November 2009
|
| 650 |
0 |
0 |
|a KL International Trade Forum official opening --
|x 12 November 2009
|
| 650 |
0 |
0 |
|a Mustafa Mansur, Tan Sri Dato'
|
| 650 |
0 |
0 |
|a Mohamad Kamarudin Hassan, Dato'
|
| 650 |
0 |
0 |
|a Suhaimi Sulaiman
|
| 650 |
0 |
0 |
|a Peter Vogt
|
| 650 |
0 |
0 |
|a David Kuk
|
| 650 |
0 |
0 |
|a Pacita Juan
|
| 650 |
0 |
0 |
|a KL International Trade Forum --
|x 2009
|
| 650 |
0 |
0 |
|a INTRADE Malaysia --
|x 2009
|
| 650 |
0 |
0 |
|a MATRADE --
|x Photographs collection --
|x 2009
|
| 650 |
0 |
0 |
|a Mohd Aminuddin Sham Tajudin
|
| 650 |
0 |
0 |
|a Samsudin Marsop, Haji
|
| 650 |
0 |
0 |
|a Zakaria Kamaruddin, Haji
|
| 650 |
0 |
0 |
|a Noharuddin Nordin, Dato'
|
| 650 |
0 |
0 |
|a Md Silmi Abd Rahman
|
| 650 |
0 |
0 |
|a Merlyn Kasimir, Datuk
|
| 650 |
0 |
0 |
|a Susila Devi
|
| 650 |
0 |
0 |
|a Halim Mohammad, Tan Sri Dato'
|
| 999 |
|
|
|a PC00000680
|b Photographs
|c Photographs
|e Business Information Centre
|